Visualizzazione normale
Vista MARC
- Diomede Raffaele
di Personal Name
Records bibliografici associati: 1
001 - CONTROL NUMBER
- control field: 59293
003 - CONTROL NUMBER IDENTIFIER
- control field:
005 - DATE AND TIME OF LATEST TRANSACTION
- control field: 20230131111048.0
008 - FIXED-LENGTH DATA ELEMENTS
- fixed length control field: 230131|| aca||aabn | a|a d
040 ## - CATALOGING SOURCE
- Original cataloging agency:
- Transcribing agency:
100 ## - HEADING--PERSONAL NAME
- Personal name: Diomede Raffaele
670 ## - SOURCE DATA FOUND
- Source citation: Work cat.: ()359571: Diomede Raffaele, La vittima virtuale nei percorsi di legalità a favore dei minori autori di reato, 2021